Arrondissements/District de Saint-Pétersbourg par indice sur une carte - Statistiques

Statistiques générales
  • Ce quiz a été pris 14 fois
  • Le résultat moyen est 7 sur 18
Réponses sur la Carte
Les réponses sont colorées sur une échelle allant du rouge au vert en fonction du pourcentage des utilisateurs qui les ont devinées à leur premier essai. Vous pouvez retrouver ces pourcentages ci-dessous.
 
Statistiques - réponses
Indice textuel Arrondissement % Correct
Nommé d'après la forteresse de ce port de guerre historique ("La ville de la couronne" en allemand. 9 District de Kronstadt
75%
Nommé d'après sa situation dans la métropole de Saint-Pétersbourg 18 District central de Saint-Pétersbourg
67%
Saint-Pétersbourg s'est installée dans le delta de ce fleuve. 12 District de la Néva
67%
Porte le même nom qu'une célèbre exclave russe. 4 District de Kalinine
58%
Porte le nom de l'île "de Vasily" équivalent du prénom Basile. 2 District de l'île Vassilievski
58%
Porte le nom de ce célèbre Alexandre poète, dramaturge, romancier mort en 1837. 16 District de Pouchkine
58%
Porte le nom de Saint-Pétersbourg telle qu'elle s'appelait entre 1914 et 1924. 13 District de Petrograd
50%
Nommé selon le quartier développé autour du palais de Pierre le Grand ("La cour de Pierre" en allemand). 14 District de Petrodvorets
42%
Nommé d'après une ville annexée par l'USSR à la Finlande en 1940. 3 District de Vyborg
42%
Son nom est un adjectif dérivé du mot allemand Kurort, "le lieu de cure" et qui se traduit par "balnéaire, thermal". 10 District Kourortny
25%
Nommé d'après une grande artère du nom de la capitale russe. 11 District Moskovski
25%
Le Kraï (Province) de Vladivostok porte le même nom signifiant littéralement "maritime". 15 District PrimorskI
25%
Porte le nom d'un révolutionnaire bolchevik chef de l'armée rouge. 17 District de Frounzé
17%
Porte le nom du seul dirigeant soviétique mort d'un attentat en 1934 (Identique au nom d'un Oblast à l'Est de Nijni Novgorod). 5 District de Kirov
17%
Son nom signifie littéralement "Village rouge". Elle abrite de nombreuses villas et datchas. 8 District de Krasnoïe Selo
17%
Nommé selon le bâtiment siège du collège amiral impérial. 1 District de l'Amirauté
17%
Porte le nom d'une ville fondée au XVIIIème siècle pour installer une scierie et des ateliers pour le port. 6 District de Kolpino
8%
Son nom signifie littéralement "District de la garde rouge". 7 District Krasnogvardeïski
8%
Aucun quiz correspondant
Distribution des résultats
% des personnes avec chaque résultat
Percentile par nombre de réponses
Votre historique - résultats
Vous n’avez pas pris ce quiz